000 02137nam a2200277Ia 4500
003 OSt
005 20210803160228.0
008 210310s1988 sp fr 000 0 spa d
020 _a8476340338
040 _aCO-JMCR
_cCO-JMCR
041 1 _aspa
_heng
082 0 4 _a332.401 /
_bH417d
_223
100 1 _aHayek, Friedrich A.
_91762
_eautor
245 1 3 _aLa desnacionalización del dinero /
_cFriedrich A. Hayek ; traducción Carmen Liaño
260 _aBarcelona :
_bEdiciones Orbis, S.A.,
_c1988
300 _a156 páginas ;
_c21 cm.
490 0 _aBiblioteca de economía
500 _aTítulo original: Denationalisation of money an analysis of the theory and practice of concurrent currencies Incluye notas a pie de página.
504 _aBibliografía: páginas [145]-156
505 0 _aLa propuesta práctica -- La generalización del principio subyacente -- El origen de la prerrogativa del gobierno de crear dinero -- El constante abuso de la prerrogativa estatal -- La mística de la moneda de curso legal -- La confusión sobre la ley de Gresham -- La limitada experiencia sobre monedas paralelas y de comercio -- Puesta en circulación de dinero fiduciario privado -- Competencia entre bancos emisores de diferentes monedas -- Una digresión sobre la definición del dinero -- La posibilidad de contralar el valor de una moneda competitiva -- ¿Qué tipo de moneda elegiría el público? -- ¿Cuál es el valor del dinero? -- Inutilidad de la teoría cuantitativa para nuestro propósito -- El comportamiento deseado de la oferta monetaria -- El sistema americano de Free Banking o libertad bancaria -- ¿No más inflación o deflación generales? -- Una política monetaria no es posible ni deseable -- Una disciplina mejor que los tipos de cambio fijos -- ¿deberán existir diferentes areas? -- Los efectos sobre la financiación y el gasto público -- Problemas de transición -- Protección contra el estado -- Perspectivas a largo plazo
546 _aTraducido del inglés
650 1 4 _aMoneda
_916786
650 2 4 _aCuestión monetaria
_939028
700 1 _aLiaño, Carmen,
_etraductora
_939029
942 _2ddc
_cBK
999 _c8263
_d8263